History of the Filipino people / (Record no. 18863)
[ view plain ]
| 000 -LEADER | |
|---|---|
| fixed length control field | 00512nam a22001937a 4500 |
| 003 - CONTROL NUMBER IDENTIFIER | |
| control field | OSt |
| 005 - DATE AND TIME OF LATEST TRANSACTION | |
| control field | 20191122144143.0 |
| 008 - FIXED-LENGTH DATA ELEMENTS--GENERAL INFORMATION | |
| fixed length control field | 130404t xxu||||| |||| 00| 0 eng d |
| 020 ## - INTERNATIONAL STANDARD BOOK NUMBER | |
| International Standard Book Number | 9718711066 |
| 050 ## - LIBRARY OF CONGRESS CALL NUMBER | |
| Classification number | DS 668 |
| Item number | .Ag275 1990 |
| 082 ## - DEWEY DECIMAL CLASSIFICATION NUMBER | |
| Classification number | FIL959.9 |
| Item number | Ag7 1990 |
| 245 ## - TITLE STATEMENT | |
| Title | History of the Filipino people / |
| Statement of responsibility, etc | Agoncillo, Teodoro A. |
| 260 ## - PUBLICATION, DISTRIBUTION, ETC. (IMPRINT) | |
| Place of publication, distribution, etc | Quezon City : |
| Name of publisher, distributor, etc | R.P. Garcia Pub., |
| Date of publication, distribution, etc | 1990. |
| 300 ## - PHYSICAL DESCRIPTION | |
| Extent | 637 pages ; |
| Dimensions | 23 cm. |
| 526 ## - STUDY PROGRAM INFORMATION NOTE | |
| Reading level | 1210L-1700L |
| 562 ## - COPY AND VERSION IDENTIFICATION NOTE | |
| Number of copies | 1 |
| 942 ## - ADDED ENTRY ELEMENTS (KOHA) | |
| Source of classification or shelving scheme | Library of Congress Classification |
| Koha item type | Books |
| Call number prefix | Filipininana |
| Withdrawn status | Lost status | Source of classification or shelving scheme | Damaged status | Home library | Current library | Shelving location | Date acquired | Source of acquisition | Total Checkouts | Total Renewals | Full call number | Barcode | Date last seen | Date checked out | Copy number | Price effective from | Koha item type |
|---|---|---|---|---|---|---|---|---|---|---|---|---|---|---|---|---|---|
| Library of Congress Classification | Archives | Archives | 04/04/2013 | Donation | 11 | 17 | DS 668 .Ag275 1990 | C0508 | 04/29/2019 | 04/22/2019 | 1 | 04/04/2013 | Books | ||||
| Library of Congress Classification | Archives | Archives | 04/04/2013 | Donation | 7 | 16 | DS 668 .Ag275 1990 | C6563 | 05/08/2018 | 01/14/2016 | 1 | 04/04/2013 | Books | ||||
| Library of Congress Classification | Archives | Archives | 04/04/2013 | Donation | 6 | 27 | DS 668 .Ag275 1990 | C6564 | 05/08/2018 | 01/20/2016 | 1 | 04/04/2013 | Books |